David Bowie
Gardado en:
| Autor Principal: | |
|---|---|
| Formato: | Libro |
| Idioma: | Lingua castelá |
| Publicado: |
Madrid
Jucar
1980
|
| Series: | Colección Los Juglares
|
| Subjects: | |
| Tags: |
Engadir etiqueta
Sen Etiquetas, Sexa o primeiro en etiquetar este rexistro!
|
MARC
| LEADER | 00000nam a2200000 a 4500 | ||
|---|---|---|---|
| 001 | UCO4627 | ||
| 003 | CL-VaPUC | ||
| 008 | 000804e19800000SP |||||||||||||||||spa|d | ||
| 082 | 0 | 4 | |a 781.66092 |b LEI |2 21 |
| 100 | 0 | |a Leivas, Esteban |e author |9 449250 | |
| 245 | 1 | 0 | |a David Bowie |
| 300 | |a 230 p | ||
| 942 | |c BK | ||
| 945 | |d 20000804 00:00:00 |a crobeson | ||
| 260 | |a Madrid |b Jucar |c 1980 | ||
| 600 | 0 | |a Bowie, David, |d 1947-2016 |q Robert Jones, David |9 449251 | |
| 650 | 7 | |a ROCK BRITANICO |2 CL-VaPUC |9 449252 | |
| 650 | 7 | |a CANTANTES |2 CL-VaPUC |9 416288 | |
| 650 | 7 | |a ROCK |2 CL-VaPUC |9 409985 | |
| 650 | 0 | |a Biografías |9 255210 | |
| 583 | |a last modification |c 20000804 00:00:00 |k Rodrigo Vera | ||
| 490 | 0 | |a Colección Los Juglares | |
| 999 | |c 290653 |d 290651 | ||
| 952 | |0 0 |1 0 |4 0 |6 781_660920000000000_LEI_1980 |7 0 |8 A |9 340180 |a BIBART |b BIBART |d 2019-11-20 |i 1214942 |o 781.66092 LEI 1980 |p 1214942 |r 2025-03-13 |w 2019-11-20 |y BK |k ART | ||